000
00250 a2200109 4500
001
51257
040
_c
Anchieta - Pituba
240
1
0
_a
Aula da Paixão 2015
_l
245
1
0
_a
Aula da Paixão 2015
650
4
_a
Línguas espanhola e portuguesa
942
_c
MX
999
_c
51257
_d
51257